000 00316nam a22001457a 4500
008 210426b ||||| |||| 00| 0 eng d
020 _a9780816639076
041 _aeng
080 _a32
082 _a32
100 _a20
101 _aSHP
245 _aRestructuring World Politics
_cKhagram,S
942 _2udc
_cBK
999 _c56777
_d56777